| 000 | 00475cam a2200169u 4500 | ||
|---|---|---|---|
| 001 | unk84226867 | ||
| 003 | DLC | ||
| 005 | 20260227112802.0 | ||
| 008 | 850409s1864 xx 000 0 lat | ||
| 010 | _aunk84226867 | ||
| 040 |
_aDLC _cCarP _dDLC |
||
| 050 | 0 | 0 | _aLAW <Roman Law> |
| 100 | 1 | _aGregory, Adrian Friedrich Ludwig. | |
| 245 | 1 | 0 | _aSpecimen iuris civilis de ratihabitione ... |
| 260 |
_aHagae Comitis, _bApud Martinum Nijhoff, _c1864. |
||
| 300 |
_axiv, 291 p. _bcm. |
||
| 999 |
_c91587 _d91587 |
||